000 00384 a2200145 4500
001 168686
020 _a
040 _cMagnum
100 _aAgencia Regional de Noticias
240 1 0 _aClipping em educacao - 28/08/00 a 03/09/00 - ano ii - nº 54
_lpor
245 1 0 _aClipping em educacao - 28/08/00 a 03/09/00 - ano ii - nº 54
362 0 _a1899
697 _aENSINO
942 _cBK
999 _c168686
_d168686